000 00361pab a2200157 454500
008 180718b2010 xxu||||| |||| 00| 0 eng d
100 _aChattapodhyay, Utpal
245 _aNew initiatives in skill development
260 _c2010
300 _ap.12-15.
362 _aJun
650 _aSkills development
773 _aYojana
908 _aN
909 _a86870
999 _c86870
_d86870